LEADER 01556nam a2200301 a 4500 001 000000170957 003 CaOOAMICUS 005 20181207103430.0 008 181207s2018 vc u000 u spa r 020 $a978-88-266-0174-8* 032 $aLibriCat 040 $aPUL$bita 082 04$a262.54 110 2 $aPontificia Commissio pro America Latina.$bReunión plenaria$d(2018 :$cCittŕ del Vaticano).$0(OLS)http://pul/name/109938 245 13$aLa mujer, pilar en la edificación de la Iglesia y de la sociedad en América Latina :$bactas de la reunión plenaria, 6-9 de marzo 2018, Ciudad del Vaticano /$cPontificia Comisión para América Latina. 260 $aCittŕ del Vaticano :$bLibreria editrice vaticana,$c2018. 300 $a367 p. ;$c21 cm. 504 $aBibliografia in nota. 650 4$aChiesa e societŕ.$0(OLS)http://pul/subject/2506 650 4$aDonna e Chiesa.$0(OLS)http://pul/subject/44116 850 $aPUL 852 $aPUL$W1$xSL Religione 3$y85$m262. 54 PCPAL 1$j194378$qDDC 21$B199499$CPULBib$Z2$F199499 $H131922 $81 941 1 $a9 996 $6020$a978-88-266-0174-8*$9(OLS)http://pul/number/165518 996 $6082$a262.54$9(OLS)http://pul/classification/2570 996 $6245$aLa mujer, pilar en la edificación de la Iglesia y de la sociedad en América Latina :$bactas de la reunión plenaria, 6-9 de marzo 2018, Ciudad del Vaticano$9(OLS)http://pul/title/211811 996 $6260$aCittŕ del Vaticano :$bLibreria editrice vaticana$9(OLS)http://pul/publisher/47920 LEADER 01197nam a2200301 u 4500 001 000000046361 003 CaOOAMICUS 005 20070226114750.0 008 990707s1995 it u000 u ita u 020 $a8838237476 035 $a10829001 040 $aPUL(R)$bita 245 00$aA trent'anni dal concilio :$bmemoria e profezia /$cG. Angelini ... [et al.] ; a cura di Carlo Ghidelli. 260 $aRoma :$bEd. Studium,$cc1995. 300 $a380 p. ;$c21 cm 490 1 $aCoscienza studi ;$v27 500 $aContiene indici. 504 $aBibliografia in nota. 700 1 $aAngelini, Giuseppe,$csac.,$d1940-$0(OLS)http://pul/name/13303 700 1 $aGhidelli, Carlo.$0(OLS)http://pul/name/25022 830 0$aCoscienza.$pStudi ;$v27.$0(OLS)http://pul/title/9531 850 $aPUL 852 $aPUL$W1$xSL Religione 1$y3$m30 L 50$j62168$nBK-PRI$b $qStampati$B62168$CPULBib$Z2$F62168 $H $81 941 1 $a8 961 $aINV: 74716 996 $6020$a8838237476$9(OLS)http://pul/number/57817 996 $6245$aA trent'anni dal concilio :$bmemoria e profezia$9(OLS)http://pul/title/62463 996 $6260$aRoma :$bEd. Studium$9(OLS)http://pul/publisher/50258